00716nam a22001457a 4500008004100000020001500041050001700056100001700073245003700090260003600127300002600163500002000189505033900209650002200548120608t xxu||||| |||| 00| 0 eng d a0852974345 aHG6024.3.C63 aCoyle, Brian aCurrency options. /cBrian Coyle aU.K.:bFinancial world,cc2001. a154 p.:bill.;c23cm. aIncludes index. aContents: Introduction -- Features of currency options -- The Risks and potential gains -- Why use currency options? -- Strike prices -- Option premiums -- Over-the counter options -- Second and third generation options packages -- Guidelines for buying options -- Option-dealing strategies -- Appendix: mathematics of option pricing. bFinancial futures